000 00420pam a2200157 a 4500
020 _c
040 _aBVNG_364002
041 _aeng
082 _a628.161
_bRIC
100 _aRice Eugene W
_eAuthor
245 _aStandard Methods For The Examination Of Water And Wastewate
_cEugene W. Rice
_hTextual Documents
250 _a22nd ed
_b2012
260 _a[S.l.]
_bApha
_c2012
300 _a10-175p
_bIll;
_c20cm
930 _a9310
999 _c86215
_d86215